000 00761nam a2200229Ia 4500
003 OSt
005 20220923225654.0
006 a|||||r|||| 00| 0
007 ta
008 Pun
024 _a273,354
037 _cTextual
040 _aARTS
_cARTS
_bPun
041 _2Pun
_aPun
082 _aO153,1K05w, M5
100 _aਆਹਲੂਵਾਲੀਆ, ਗੁਰਮੋਹਨ ਸਿੰਘ
245 0 _aਸੋਢੀ ਹਰਿ ਜੀ
_b ਜੀਵਨ ਤੇ ਰਚਨਾ
260 _aਪਟਿਆਲਾ
_b ਪੰਜਾਬੀ ਯੂਨੀਵਰਸਿਟੀ
_c1985
650 _aਪੰਜਾਬੀ ਸਾਹਿਤ
942 _hO153,1K05w, M5
_cTEXL
_2CC
999 _c379776
_d379776